000 00394nam a22001457a 4500
005 20200611113733.0
008 200611b xxu||||| |||| 00| 0 eng d
082 _a345.4 AIR
110 _aALL INDIA REPORTER,
_95982
245 _aALL INDIA REPORTER, [1999] [VOL-86] BOMBAY SECTION
260 _aBOMBAY
_bALL INDIA REPORTER, PVT. LTD.
300 _a368;p
650 _aLAW
_95701
942 _cJRL
999 _c7043
_d7041